| 000 | 00821cam a22002773a 4500 | ||
|---|---|---|---|
| 001 | 29380 | ||
| 003 | PGUSA | ||
| 005 | 20140828083633.0 | ||
| 008 | 090711s2009||||xxu|||||s|||||000 1 eng d | ||
| 040 |
_aPGUSA _beng |
||
| 042 | _adc | ||
| 050 | 4 | _aPZ | |
| 100 | 1 |
_aMolesworth, _cMrs, _d1839-1921 |
|
| 245 | 1 | 4 |
_aThe Adventures of Herr Baby _h[electronic resource] / _cMolesworth, |
| 260 |
_bProject Gutenberg, _c2009 |
||
| 506 | _aPublic domain in the USA. | ||
| 516 | _aElectronic text | ||
| 653 | _aFrance -- Juvenile fiction | ||
| 653 | _aVoyages and travels -- Juvenile fiction | ||
| 653 | _aFamily -- Juvenile fiction | ||
| 653 | _aBoys -- Juvenile fiction | ||
| 700 | 1 |
_aCrane, Walter, _d1845-1915 |
|
| 830 | 0 |
_aProject Gutenberg _v29380 |
|
| 856 | 4 | 0 | _uhttp://www.gutenberg.org/ebooks/29380 |
| 942 | _cEB | ||
| 999 |
_c258635 _d258635 |
||